[Event "Hessen-ch Seniors op 05th"]
[Site "Bad Sooden-Allendorf"]
[Date "2009.04.28"]
[Round "4"]
[White "Klinger, Rudolf"]
[Black "Ludwig, Richard"]
[Result "1-0"]
[WhiteElo "1576"]
[BlackElo "1420"]
[PlyCount "67"]
[EventDate "2009.04.25"]
[EventType "swiss"]
[EventRounds "9"]
[EventCountry "GER"]
[SourceTitle "EXT 2022"]
[Source "ChessBase"]
[SourceDate "2021.10.06"]
[SourceVersion "1"]
[SourceVersionDate "2021.10.06"]
[SourceQuality "1"]

1. e4 Nf6 2. e5 Nd5 3. d4 d6 4. f4 dxe5 5. fxe5 Nc6 6. c3 Bf5 7. Nf3 e6 8. Bd3 Bxd3 9. Qxd3 Be7 10. 0-0 0-0 11. Nbd2 Nf4 12. Qe4 Ng6 13. Nc4 Qd5 14. Qe2 Qd8 15. Kh1 b5 16. Ncd2 a6 17. Ne4 Na5 18. Bg5 Nb7 19. Bxe7 Qxe7 20. Nfg5 h6 21. Qh5 f6 22. exf6 gxf6 23. Qxg6+ Qg7 24. Qxg7+ Kxg7 25. Nxe6+ Kg6 26. Nxf8+ Rxf8 27. Rf3 f5 28. Raf1 Re8 29. Nc5 Nd6 30. Nxa6 Re7 31. Nb4 Re2 32. R3f2 Re6 33. Nd5 Kg5 34. Nxc7 1-0

[Event "Niedersachsen-ch Seniors op 10th"]
[Site "Bad Bevensen"]
[Date "2007.07.08"]
[Round "6"]
[White "Hartlaub, Marianne"]
[Black "Klinger, Rudolf"]
[Result "1-0"]
[WhiteElo "1513"]
[BlackElo "1556"]
[PlyCount "103"]
[EventDate "2007.07.03"]
[EventType "swiss"]
[EventRounds "9"]
[EventCountry "GER"]
[SourceTitle "EXT 2022"]
[Source "ChessBase"]
[SourceDate "2021.10.06"]
[SourceVersion "1"]
[SourceVersionDate "2021.10.06"]
[SourceQuality "1"]

1. Nf3 c5 2. c4 Nc6 3. g3 e5 4. d3 f5 5. e3 Nf6 6. Nc3 Be7 7. Bg2 0-0 8. 0-0 d6 9. h3 Be6 10. b3 Qd7 11. Kh2 h6 12. Ng1 Rad8 13. f4 d5 14. Bb2 e4 15. cxd5 Nxd5 16. Nxd5 Bxd5 17. dxe4 fxe4 18. Qc1 b6 19. Rd1 Qe6 20. Ne2 Nb4 21. Ba3 Nd3 22. Qc2 Bb7 23. Nc3 Rd7 24. Rd2 a6 25. Rad1 Rfd8 26. Bf1 b5 27. Nb1 b4 28. Bb2 Nxb2 29. Qxb2 a5 30. Bc4 Bd5 31. Bxd5 Rxd5 32. Qc2 Rxd2+ 33. Nxd2 Rd3 34. Nf1 Qd5 35. Rd2 Bf6 36. Kg2 Bc3 37. Re2 c4 38. bxc4 Qxc4 39. Qa4 Rd8 40. Kf2 Qc5 41. g4 g5 42. f5 h5 43. Ng3 hxg4 44. hxg4 Be5 45. Nf1 Bc7 46. Rc2 Qe7 47. Qc6 Be5 48. Qxe4 Qf6 49. Rc6 Rd6 50. Rc8+ Kf7 51. Qb7+ Qe7 52. Rc7 1-0

[Event "Bayern-ch Seniors 18th"]
[Site "Schloss Schney"]
[Date "2006.06.28"]
[Round "4"]
[White "Klose, Hans Peter"]
[Black "Klinger, Rudolf"]
[Result "1/2-1/2"]
[WhiteElo "1472"]
[BlackElo "1644"]
[PlyCount "46"]
[EventDate "2006.06.25"]
[EventType "swiss"]
[EventRounds "9"]
[EventCountry "GER"]
[SourceTitle "EXT 2007"]
[Source "ChessBase"]
[SourceDate "2006.11.23"]
[SourceVersion "1"]
[SourceVersionDate "2006.11.23"]
[SourceQuality "1"]

1. d4 Nf6 2. Nf3 e6 3. Bf4 d5 4. e3 c5 5. c3 c4 6. Be2 Nh5 7. Bg5 f6 8. Bh4 g6 9. Nfd2 Ng7 10. 0-0 Nc6 11. e4 Be7 12. b3 h5 13. bxc4 g5 14. cxd5 exd5 15. exd5 Qxd5 16. Bc4 Qd8 17. d5 Ne5 18. Bg3 Nxc4 19. Qa4+ Bd7 20. Qxc4 Rc8 21. Qe2 h4 22. Bd6 Nf5 23. Bxe7 Qxe7 1/2-1/2

[Event "Hessen-ch Seniors op 02nd"]
[Site "Bad Sooden-Allendorf"]
[Date "2006.05.07"]
[Round "6"]
[White "Klinger, Rudolf"]
[Black "Mellenthin, Horst"]
[Result "1/2-1/2"]
[WhiteElo "1659"]
[BlackElo "1707"]
[PlyCount "40"]
[EventDate "2006.04.25"]
[EventType "swiss"]
[EventRounds "9"]
[EventCountry "GER"]
[SourceTitle "EXT 2007"]
[Source "ChessBase"]
[SourceDate "2006.11.23"]
[SourceVersion "1"]
[SourceVersionDate "2006.11.23"]
[SourceQuality "1"]

1. e4 e5 2. Bc4 Nf6 3. Nf3 Nxe4 4. Nc3 Nd6 5. Bd5 Be7 6. Nxe5 0-0 7. d4 Nc6 8. 0-0 Nxe5 9. dxe5 Ne8 10. Be3 c6 11. Bc4 d5 12. Bd3 g6 13. Ne2 Ng7 14. c3 Bf5 15. Ng3 Bxd3 16. Qxd3 Ne6 17. b4 a6 18. Bh6 Re8 19. Be3 Rf8 20. Bh6 Re8 1/2-1/2

[Event "Chiemgau Seniors Cup 1st"]
[Site "Bergen"]
[Date "2005.10.11"]
[Round "1"]
[White "Klinger, Rudolf"]
[Black "Wawrinsky, Ludwig"]
[Result "0-1"]
[WhiteElo "1904"]
[BlackElo "1916"]
[PlyCount "66"]
[EventDate "2005.10.11"]
[EventType "swiss"]
[EventRounds "9"]
[EventCountry "GER"]
[SourceTitle "EXT 2007"]
[Source "ChessBase"]
[SourceDate "2006.11.23"]
[SourceVersion "1"]
[SourceVersionDate "2006.11.23"]
[SourceQuality "1"]

1. e4 e6 2. d4 b6 3. c4 Bb7 4. Nc3 Bb4 5. Qg4 Nf6 6. Qxg7 Rg8 7. Qh6 Rg6 8. Qe3 Nxe4 9. a3 Bxc3+ 10. bxc3 d6 11. Ne2 Nd7 12. Nf4 Rg8 13. d5 Ndc5 14. Be2 Qf6 15. 0-0 0-0-0 16. Bf3 Qxc3 17. Qxc3 Nxc3 18. a4 a5 19. Re1 e5 20. Ra3 N3xa4 21. Bd1 exf4 22. Bxa4 Nxa4 23. Rxa4 Rde8 24. Rxe8+ Rxe8 25. Kf1 Re4 26. f3 Rd4 27. Ke2 Ba6 28. Bb2 Rxc4 29. Rxc4 Bxc4+ 30. Kd2 Bxd5 31. Kd3 b5 32. Bc1 Bc4+ 33. Ke4 Bf1 0-1